LEADER 01494nam a2200301 u 4500 001 000000115297 003 CaOOAMICUS 005 20090415131406.0 008 090415s2009 it u000 u ita r 020 $z978-88-7016-756-6* 040 $aPUL$bita$dLDB 245 00$aLibertà e disciplina nel 500° anniversario di Giovanni Calvino /$ccontributi di G. Attilio ... [et al.] ; prefazione di Gianni Long. 246 3 $aLibertà e disciplina nel cinquecentesimo di Giovanni Calvino 260 $aTorino :$bClaudiana,$cc2009. 300 $a182 p. ;$c22 cm 490 1 $aCollana della Federazione delle chiese evangeliche in Italia ;$v09 500 $aContiene indici. 504 $aBibliografia in nota. 650 4$aLibertà (teologia)$vCongressi.$0(OLS)http://pul/subject/35251 700 1 $aAttilio, Gabriella.$0(OLS)http://pul/name/71378 830 0$aCollana della Federazione delle chiese evangeliche in Italia ;$v09.$0(OLS)http://pul/title/50322 850 $aPUL 852 $aPUL$W1$xSL Religione 3$y85$m284. 2 LONGI 1$j132045$qDDC 21$B131025$CPULBib$Z2$F131025 $H109935 $82 941 1 $a9 996 $6020$z978-88-7016-756-6*$9(OLS)http://pul/number/140347 996 $6245$aLibertà e disciplina nel 500° anniversario di Giovanni Calvino$9(OLS)http://pul/title/144900 996 $6246$aLibertà e disciplina nel cinquecentesimo di Giovanni Calvino$9(OLS)http://pul/title/144901 996 $6260$aTorino :$bClaudiana$9(OLS)http://pul/publisher/48072 LEADER 01348nam a2200337 a 4500 001 000000175953 003 CaOOAMICUS 005 20230616133403.0 008 230616s2022 it u000 u ita r 020 $a978-88-28-84021-3* 032 $aLibriCat 040 $aPUL$bita 082 04$a345.4505 100 1 $aTonini, Paolo,$d1945-$0(OLS)http://pul/name/107068 245 10$aManuale di procedura penale /$cPaolo Tonini , Carlotta Conti. 250 $aVentitreesima edizione. 260 $aMilano :$bGiuffrè,$c©2022. 300 $aXXVI, 1201 pagine ;$c24 cm. 500 $aInclude indici. 504 $aBibliografia in nota. 650 4$aDiritto processuale penale$xManuali.$0(OLS)http://pul/subject/44740 650 4$aProcedura penale$zItalia.$0(OLS)http://pul/subject/12686 700 1 $aConti, Carlotta.$0(OLS)http://pul/name/113051 850 $aPUL 852 $aPUL$W1$xSL Diritto e Scienze Sociali 3$y79$m345. 4505 TONPA 3$j200118$qDDC 21$B204899$CPULBib$Z2$F204899 $H136328 $82 941 1 $a9 996 $6020$a978-88-28-84021-3*$9(OLS)http://pul/number/169192 996 $6082$a345.4505$9(OLS)http://pul/classification/385 996 $6245$aManuale di procedura penale$9(OLS)http://pul/title/67007 996 $6260$aMilano :$bGiuffrè$9(OLS)http://pul/publisher/48401